Vývojové tendencie finančného trhu

Situácia na finančnom trhu. Koncepcia Ministerstva financií SR. Ochrana spotrebiteľa na na finančnom trhu. Finančné vzdelávanie. Regulácia sprostredkovania a poradenstva na finančnom trhu.

Salvato in:
Dettagli Bibliografici
Autore principale: Serinová, Katarína
Natura: Capitolo di libro
Lingua:slovacco
Soggetti:
Tags: Aggiungi Tag
Nessun Tag, puoi essere il primo ad aggiungerne!!

MARC

LEADER 00000nla$a2200000$$$4500
001 0077891
005 20240502071912.1
041 0 |a slo 
044 |a SK 
245 1 0 |a Vývojové tendencie finančného trhu  |c Katarína Serinová 
520 |a Situácia na finančnom trhu. Koncepcia Ministerstva financií SR. Ochrana spotrebiteľa na na finančnom trhu. Finančné vzdelávanie. Regulácia sprostredkovania a poradenstva na finančnom trhu. 
610 2 0 |a Slovensko 
610 2 0 |a trh finančný 
610 2 0 |a poradenstvo finančné 
610 2 0 |a vzdelávanie 
100 1 |a Serinová, Katarína